000
00270nam a22000977a 4500
008
160505b xxu||||| |||| 00| 0 eng d
041
_a
eng
080
_a
611
245
_a
Dynamic anatomy and physiology:
_c
L.L. Langley; Ira R. Telford; John B. Christensen;
942
_2
udc
_c
BK
999
_c
1804
_d
1804